Selected documents of the international petroleum industry

Salvato in:
Dettagli Bibliografici
Natura: Libro
Lingua:Undetermined
Pubblicazione: Vienna Organization of the Petroleum Exporting Countries 1971
Soggetti:
Tags: Aggiungi Tag
Nessun Tag, puoi essere il primo ad aggiungerne! !
Thư viện lưu trữ: Trung tâm Học liệu Trường Đại học Cần Thơ
LEADER 00510nam a2200169Ia 4500
001 CTU_67629
008 210402s9999 xx 000 0 und d
082 |a 341.7547 
082 |b S465 
245 0 |a Selected documents of the international petroleum industry 
260 |a Vienna 
260 |b Organization of the Petroleum Exporting Countries 
260 |c 1971 
650 |a Petroleum law and legislation 
650 |x Periodicals 
904 |i Truc 
980 |a Trung tâm Học liệu Trường Đại học Cần Thơ